header

IBM TotalStorage Enterprise Storage Server model 800 (Record no. 210636)

MARC details
000 -LEADER
fixed length control field 01429nam a22003614a 4500
082 04 - DEWEY DECIMAL CLASSIFICATION NUMBER
Classification number 004.6
245 00 - TITLE STATEMENT
Title IBM TotalStorage Enterprise Storage Server model 800
250 ## - EDITION STATEMENT
Edition statement 2nd ed.
260 ## - PUBLICATION, DISTRIBUTION, ETC. (IMPRINT)
Place of publication [United States?] :
Name of publisher IBM Corp.,
Year of publication 2002.
300 ## - PHYSICAL DESCRIPTION
Number of Pages xxii, 284 p. :
Other physical details ill.
490 1# - SERIES STATEMENT
Series statement IBM redbooks
500 ## - GENERAL NOTE
General note Includes index.
650 #0 - SUBJECT ADDED ENTRY--TOPICAL TERM
Topical Term Storage area networks (Computer networks)
Topical Term Electronic data processing
Topical Term Data recovery (Computer science)
700 1# - ADDED ENTRY--PERSONAL NAME
Personal name Castets, Gustavo.
856 40 - ELECTRONIC LOCATION AND ACCESS
Uniform Resource Identifier http://site.ebrary.com/lib/rucke/Doc?id=10112426

No items available.

© 2026 Rongo University
Contact us: librarian | system librarian | Rongo university